Chosen Digimon Quiz Stats

 Plays Quiz not verified by Sporcle

Score 0/31 Timer 04:00
0 Plays Today
Human partner/Tamer Digimon % Correct
Taichi 'Tai' KamiyaAgumon
93.2%
Marcus DamonAgumon
93.2%
Yamato 'Matt' IshidaGabumon
85.7%
Mimi TachikawaPalmon
85.7%
Takeru 'T.K.' TakaishiPatamon
85%
Yolei InoueHawkmon
84.8%
Davis MotomiyaVeemon
84.3%
Hikari 'Kari' Kamiya Gatomon
84.1%
Ken IchijoujiWormmon
83.3%
Sora TakenouchiBiyomon
83.1%
Koushiro 'Izzy' IzumiTentomon
81.6%
Joe KidoGomamon
80.4%
Cody HidaArmadillomon
79.7%
Rika NonakaRenamon
77.8%
Henry WongTerriermon
77.1%
Takato MatsukiGuilmon
75.1%
Human partner/Tamer Digimon % Correct
Jeri KatouLeomon
73.9%
Suzie WongLopmon
67.4%
Ai and MakoImpmon
65.9%
Takuya Kanbara(Human or Beast form)Agunimon and BurningGreymon
61.8%
Kenta KitagawaMarineAngemon
59.9%
J.P. Shibayama(Human or Beast form)Beetlemon and MetalKabuterimon
58.2%
Ryo AkiyamaCyberdramon
58%
Koji Minamoto(Human or Beast form)Lobomon and KendoGarurumon
56%
Zoe Orimoto(Human or Beast form)Kazemon and Zephyrmon
54.8%
Tommy Himi(Human or Beast form)Kumamon and Korikakumon
51%
Kazu ShiodaGuardromon
49%
Thomas H. NorsteinGaomon
48.3%
Yoshino 'Yoshi' FujiedaLalamon
47.1%
Keenan CrierFalcomon
45.7%
Koichi Kimura(good Human or good Beast form)Loweemon and J├ĄgerLoweemon
30.9%

You're not logged in!

Compare scores with friends on all Sporcle quizzes.
OR
Log In

Show Comments

Extras

Top Quizzes Today


Score Distribution

Your Account Isn't Verified!

In order to create a playlist on Sporcle, you need to verify the email address you used during registration. Go to your Sporcle Settings to finish the process.

Report this User

Report this user for behavior that violates our Community Guidelines.

Details: